00748nam a2200205 a 450000100100000000500170001000800410002702000150006804000250008308200140010810000300012224500940015226000380024630000280028449000280031250400300034050000720037050000750044283000250051700004224220201002040026.0131120s1989 sp a 000 0 spa d a8478800026 aDO-SdBNPbspacBNPHU axxxxbxxx1 aPottocher, Beatrizd1961-10aArtefactos Eróticos :bguía de objetos y estimulantes del deseo /cBeatriz Pottocher. aEspaña, :bTemas de hoy,c1989. a253 p. :bil. ;c21 cm.1 aBiblioteca eróticav6 aBibliografía p: 239-253 aIncluye datos biografícos de la autora en la solapa de la portada aLa lectura de este libro no está recomendada a menores de 16 años. 0aBiblioteca erótica